Justicia en la calle: ensayos sobre la policía en América Latina
Sábháilte in:
| Príomhchruthaitheoirí: | , , , , , , , , , , , , , , , , |
|---|---|
| Rannpháirtithe: | |
| Formáid: | LEABHAR |
| Teanga: | Spáinnis |
| Foilsithe / Cruthaithe: |
Medellín
Biblioteca Jurídica Diké
1996
|
| Ábhair: | |
| Clibeanna: |
Cuir clib leis
Níl clibeanna ann, Bí ar an gcéad duine le clib a chur leis an taifead seo!
|
MARC
| LEADER | 00000nam a2200000 a 4500 | ||
|---|---|---|---|
| 001 | UCS1926 | ||
| 003 | CL-VaPUC | ||
| 008 | 970516e19960000CK |||||||||||||||||spa|d | ||
| 082 | 0 | 4 | |a 363.23 |b ABR |2 21 |
| 100 | 0 | |a Abregú, Martin |e author |9 386818 | |
| 700 | 0 | |a Aguila Zúñiga, Ernesto |e author |9 386819 | |
| 700 | 0 | |a Barrios Morón, Raúl |e author |9 386820 | |
| 700 | |a Gabaldón, Luis Gerardo |e author |9 487076 | ||
| 700 | 0 | |a Gamarra, Eduardo |e author |9 386822 | |
| 700 | 0 | |a Haritos-Fatouros, Mika |e author |9 386823 | |
| 700 | 0 | |a Huggins, Martha K |e author |9 386824 | |
| 700 | 0 | |a Lösing, Nobert |e author |9 386825 | |
| 700 | |a Maier, Julio Bernardo José |e autor |9 620505 | ||
| 700 | 0 | |a Maldonado Prieto, Carlos |e author |9 386827 | |
| 700 | 0 | |a Mansilla, H |e author |9 386828 | |
| 700 | 0 | |a Mingardi, Guaracy |e author |9 386829 | |
| 700 | 0 | |a Riedmann, Arnold |e author |9 386830 | |
| 700 | 0 | |a Riekenberg, Michael |e author |9 386831 | |
| 700 | 0 | |a Schmid, Carola |e author |9 386832 | |
| 700 | 0 | |a Schmid, Robert A |e author |9 386833 | |
| 700 | 0 | |a Tiscornia, Sofía |e author |9 386834 | |
| 700 | 0 | |a Waldmann, Peter |e author |9 386835 | |
| 245 | 1 | 0 | |a Justicia en la calle: ensayos sobre la policía en América Latina |
| 300 | |a 444 p | ||
| 942 | |c BK | ||
| 945 | |d 19970516 00:00:00 |a amoreno | ||
| 260 | |a Medellín |b Biblioteca Jurídica Diké |c 1996 | ||
| 650 | 7 | |a POLICIA |2 CL-VaPUC |9 313500 | |
| 650 | 0 | |a Seguridad social |9 255322 | |
| 650 | 0 | |a Estado de derecho |9 257795 | |
| 650 | 0 | |a Orden público |9 368427 | |
| 650 | 0 | |a Ejército |9 321857 | |
| 650 | 7 | |a CARABINEROS |2 CL-VaPUC |9 384756 | |
| 650 | 7 | |a ESTADO FEDERAL |2 CL-VaPUC |9 386836 | |
| 650 | 7 | |a REFORMAS |2 CL-VaPUC |9 256195 | |
| 650 | 7 | |a SISTEMA POLICIAL |2 CL-VaPUC |9 386837 | |
| 650 | 0 | |a Investigación |9 257811 | |
| 583 | |a last modification |c 20190708 10:10:49 |k Rodrigo Vera | ||
| 999 | |c 259937 |d 259935 | ||
| 952 | |0 0 |1 0 |4 0 |6 363_230000000000000_ABR_1996 |7 0 |8 A |9 285469 |a BIBDER |b BIBDER |d 2019-11-19 |i 3303713 |o 363.23 ABR 1996 |p 3303713 |r 2023-01-25 |w 2019-11-19 |y BK |k DER | ||